Králi ro(c)ku najväčší film všetkých čias
| Other Authors: | , , |
|---|---|
| Format: | Video DVD |
| Language: | Czech English Hungarian |
| PhysicalDescription: | 1 videodisk (DVD) (90 min.) zvuk., fareb. 12 cm |
| Published: |
[S.l.]
Ringier
[2010]
|
| Series: | Nový Čas vás baví
|
| Subjects: |
MARC
| LEADER | 00000ngm a2200000 a 4500 | ||
|---|---|---|---|
| 001 | vtls010329638 | ||
| 003 | SK-MaSNL | ||
| 005 | 20260302082353.0 | ||
| 007 | vd cvaizu | ||
| 008 | 111209s2010 xo 090 vlcze | ||
| 040 | |a SNK |b slo |c SNK |e AACR2 | ||
| 041 | 1 | |a cze |a eng |a hun |b mul |h eng | |
| 044 | |a xo |c SK | ||
| 072 | 7 | |a 791 |x Film. Cirkus. Ľudová zábava |2 konspekt | |
| 080 | |a 791.221/.228 |2 2001 | ||
| 080 | |a 791.221.2 |2 2001 | ||
| 080 | |a 791.43-293 |2 2001 | ||
| 080 | |a (0.034.44) |2 2001 | ||
| 130 | 0 | |a Tenacious D in The Pick of Destiny |9 748989 | |
| 245 | 1 | 0 | |a Králi ro(c)ku |h videozáznam |b najväčší film všetkých čias |c réžia Liam Lynch |
| 246 | 3 | 3 | |a Králové ro(c)ku |b největší film všech dob |
| 260 | |a [S.l.] |b Ringier |c [2010] | ||
| 300 | |a 1 videodisk (DVD) (90 min.) |b zvuk., fareb. |c 12 cm | ||
| 490 | 1 | |a Nový Čas vás baví | |
| 500 | |a Názov z obalu | ||
| 500 | |a Americko-nemecký celovečerný film z roku 2006 | ||
| 511 | 0 | |a Hrajú: Jack Black, Kyle Gass a ďalší | |
| 521 | 8 | |a Nevhodné do 15 rokov | |
| 538 | |a DVD video; zvuk DD 5.1, DTS; obraz 1,85:1 PAL; región 2 | ||
| 546 | |a V pôvodnom anglickom znení, dabing česky a maďarsky, titulky česky, anglicky, maďarsky, slovinsky, bulharsky, chorvátsky a rumunsky | ||
| 650 | 0 | 7 | |a hrané filmy |2 SNKPH |9 68885 |
| 650 | 0 | 7 | |a filmové komédie |2 SNKPH |9 326988 |
| 650 | 0 | 7 | |a hudobné filmy |2 SNKPH |9 3397 |
| 655 | 7 | |a DVD |2 SNKPH |9 70751 | |
| 700 | 1 | |a Lynch, Liam, |d 1970- |4 drt |9 748990 | |
| 700 | 1 | |a Black, Jack, |d 1969- |4 act |9 748991 | |
| 700 | 1 | |a Gass, Kyle, |d 1960- |4 act |9 748992 | |
| 830 | 0 | |a Nový Čas vás baví |9 326727 | |
| 999 | |c 1179821 |d 1181751 | ||
| 952 | |a SNK |b SNK |y PREZ |7 0 |p 17A0808356 |o snkSDVD 1397 |i snk2011/24214 |8 0 |0 0 |1 0 |4 0 |d 2011-12-09 |l 0 |r 2026-02-24 21:34:57 |w 2026-02-24 | ||
| 952 | |a SNK |b SNK |y PREZ |7 0 |p 17A0808357 |o snkSDVD 1397 D1 |i snk2011/24215 |8 0 |0 0 |1 0 |4 0 |d 2011-12-09 |l 0 |r 2026-02-24 21:34:57 |w 2026-02-24 | ||


